000
00237nam a2200097Ia 4500
008
210430s9999 xx 000 0 und d
020
_a
685-685685-685
082
_a
543.896 M578 P
245
_a
Practical Aspects of Gas
942
_c
BK
_2
ddc
999
_c
561849
_d
561849